书目信息 |
| 题名: |
观念
|
|
| 作者: | 康桥 , 金怡 编著 | |
| 分册: | ||
| 出版信息: | 上海 上海大学出版社 2005 |
|
| 页数: | 274页 | |
| 开本: | 19cm | |
| 丛书名: | 新观念丛书 | |
| 单 册: | ||
| 中图分类: | B821-49 | |
| 科图分类: | ||
| 主题词: | 人生哲学--ren sheng zhe xue--通俗读物 | |
| 电子资源: | ||
| ISBN: | 7-81058-892-3 | |
| 000 | 00943nam 2200265 450 | |
| 001 | CAL 012006022073 | |
| 005 | 20061123103937.43 | |
| 010 | @a7-81058-892-3@dCNY 12.00 | |
| 099 | @aCAL 012006022073 | |
| 100 | @a20060313d2005 em y0chiy0121 ea | |
| 101 | 0 | @achi |
| 102 | @aCN@b110000 | |
| 200 | 1 | @a观念@Aguan nian@e改变人生的101个西方故事@d= 101occidental stories enlightening your life@f康桥,金怡编著@Fkang qiao,jin yi bian zhu@zeng |
| 210 | @a上海@c上海大学出版社@d2005 | |
| 215 | @a274页@c图@d19cm | |
| 225 | 2 | @a新观念丛书@Axin guan nian cong shu |
| 410 | 0 | @12001 @a新观念丛书 |
| 510 | 1 | @a101 occidental stories enlightening your life@zeng |
| 517 | 1 | @a改变人生的101个西方故事@Agai bian ren sheng de 101 ge xi fang gu shi |
| 606 | 0 | @a人生哲学@Aren sheng zhe xue@j通俗读物 |
| 690 | @aB821-49@v4 | |
| 701 | 0 | @a康桥@Akang qiao@4编著 |
| 701 | 0 | @a金怡@Ajin yi@4编著 |
| 801 | @aCN@c20061123 | |
| 905 | @a10447@dB821-49@eK266 | |
| 观念:改变人生的101个西方故事= 101occidental stories enlightening your life/康桥,金怡编著.-上海:上海大学出版社,2005 |
| 274页:图;19cm.-(新观念丛书) |
| ISBN 7-81058-892-3:CNY 12.00 |
| ● |
| 相关链接 |
|
|
|
正题名:观念
索取号:B821-49/K266
 
预约/预借
| 序号 | 登录号 | 条形码 | 馆藏地/架位号 | 状态 | 备注 |
| 1 | 615734 | 206157344 | 社科库509/509社科库 25排2列6层/ [索取号:B821-49/K266] | 在馆 | |
| 2 | 615735 | 206157353 | 社科库509/509社科库 25排2列6层/ [索取号:B821-49/K266] | 在馆 |